| 000 | 00528nam a2200181Ia 4500 | ||
|---|---|---|---|
| 003 | GCL | ||
| 008 | 140319s9999 xx 000 0 eng d | ||
| 040 |
_aGCL / _cGCL |
||
| 082 | 0 | 4 |
_a822.709 _bC I |
| 100 | 1 | _aCARLSON, JULIE A. | |
| 245 | 1 | 0 |
_aIN THE THEATRE OF ROMANTICISM : COLERIDGE, NATIONALISM , WOMEN / _cCARLSON, JULIE A. |
| 260 |
_a[S.N] : _bUNIVERSITY OF CAMBRIDGE ، _c1994 |
||
| 300 | _a267 | ||
| 650 | 0 | 4 | _aKNOWLEDGE - PERFORMING ART |
| 650 | 0 | 4 | _aENGLISH DRAMA |
| 650 | 0 | 4 | _aWOMEN - LITERATURE |
| 942 |
_2ddc _cBK |
||
| 999 |
_c10238 _d10238 |
||